| 000 | 00428nam a22001217a 4500 | ||
|---|---|---|---|
| 999 |
_c9947 _d9947 |
||
| 003 | OSt | ||
| 008 | 201217b ||||| |||| 00| 0 eng d | ||
| 245 | _aThe ICFAI journal of mergers and acquisitions | ||
| 250 | _a2007(Dec Vol.4 No.4) 2008(Mar Vol.5 No.1, Jun Vol.5 No.2, Sep Vol.5 No.3, Dec Vol.5 No.4) 2009(Mar Vol.6 No.1) | ||
| 260 |
_aHyderabad, Andhra Pradesh _bICFAI University Press |
||
| 650 | _aManagement | ||
| 942 |
_2ddc _cBV |
||